| 000 | 00941cam a22001694a 4500 | ||
|---|---|---|---|
| 005 | 20250605163659.0 | ||
| 008 | 250528s ||||||||||||||||||||||||d | ||
| 035 | _a24199 | ||
| 040 |
_aGR-AtMCL _bgre _dGR-AtMCL _eAACR2 |
||
| 245 | 1 | _aΤο Ταμείο Συνοχής της Ευρωπαϊκης Ένωσης | |
| 260 |
_bΔιοικητική Μονάδα 'Εκδόσεις' _bΟπτικοακουστικός Τομέας, Πληροφόρηση, Επικοινωνία Και Πολιτιστικά Θέματα, _c1994 |
||
| 300 | _a6 | ||
| 520 | _aΕνίσχυση της Οικονομικής και Κοινωνικής Συνοχής, Ένα Νέο Μέτρο Αλληλεγγύης, Περιβάλλον και Υποδομή των Μεταφορών, 15 Δισεκατομμύρια ECU μέχρι το Έτος 1999, 1993: Επιτυχής Έναρξη,. | ||
| 942 | _cCR | ||
| 999 |
_c9094 _d9094 |
||